Chinese Provinces by First Two Letters in 30 Seconds - Statistics

General Stats
  • This quiz has been taken 169 times
  • The average score is 20 of 33
Answers on the Map
Answers color-coded by a green-red scale on the quiz's map according to % correct below.
 
Answer Stats
Type Province % Correct
Autonomous Region Xinjiang Uyghur
87%
Province Shaanxi
84%
Province Shandong
84%
Municipality Shanghai
84%
Province Shanxi
84%
Municipality Tianjin
80%
Autonomous Region Tibet
80%
Municipality Beijing
77%
Province Guangdong
73%
Autonomous Region Guangxi
73%
Province Guizhou
73%
Autonomous Region Inner Mongolia
73%
Province Hainan
64%
Municipality Chongqing
60%
Province Hebei
59%
Province Heilongjiang
59%
Province Henan
59%
Province Hubei
58%
Province Hunan
58%
Province Sichuan
52%
Province Jiangsu
48%
Province Jiangxi
48%
Province Jilin
48%
Province Qinghai
45%
Province Gansu
44%
Special Region Hong Kong
44%
Province Yunnan
44%
Special Region Macau
42%
Province Anhui
41%
Province Fujian
41%
Autonomous Region Ningxia
41%
Province Zhejiang
35%
Province Liaoning
31%
No matching quizzes found
Score Distribution
Percent of People with Each Score
Percentile by Number Answered
Your Score History
You have not taken this quiz